| 000 | 00835nam a2200253 4500 | ||
|---|---|---|---|
| 003 | OSt | ||
| 005 | 20240626023535.0 | ||
| 006 | a | ||
| 008 | 240626b |||||||| |||| 00| 0 eng d | ||
| 020 | _a978047581858 | ||
| 040 |
_aDWCL-Main lib. _cOC |
||
| 082 | _aCirc. 005.446 M911g 2010 | ||
| 100 | _aMoskowitz, Jeremy | ||
| 245 | _aGroup policy : fundamentals, security,and the managed desktop / | ||
| 260 |
_aIndiana : _bWiley Pub. Inc. , _cc2010. |
||
| 300 |
_axxxii, _b903 p. : ill. ; _c23 cm. |
||
| 504 | _aIncludes indexes. | ||
| 650 | _a1. Microsoft Windows ( Computer file.). | ||
| 650 | _a2. Operating systems ( computers). | ||
| 650 | _a3. Software Configuration management. | ||
| 650 | _a4. Computer security. | ||
| 650 | _a5. Directory services (Computer network technology). | ||
| 942 |
_2ddc _n0 _cBK-CIRC _kCirc. |
||
| 999 |
_c1366 _d1366 |
||